Michael Shamley Group v SoS Environment & Royal Borough of Windsor & Maidenhead (Record no. 56353)

MARC details
000 -LEADER
fixed length control field 00770cab a2200193 4500
001 - CONTROL NUMBER
control field X94506
008 - FIXED-LENGTH DATA ELEMENTS--GENERAL INFORMATION
fixed length control field 090401t1998 xxu||||| |||| 00| 0 eng d
035 ## - SYSTEM CONTROL NUMBER
System control number (Sirsi) u89125
041 ## - LANGUAGE CODE
Language code of text/sound track or separate title eng
245 ## - TITLE STATEMENT
Title Michael Shamley Group v SoS Environment & Royal Borough of Windsor & Maidenhead
260 ## - PUBLICATION, DISTRIBUTION, ETC.
Date of publication, distribution, etc. 1998
350 ## - PRICE (NR) (BK AM CF MU VM SE) [OBSOLETE]
Price 0
490 ## - SERIES STATEMENT
Series statement New Property Cases
Volume/sequential designation [1998] NPC 140, (3)
520 ## - SUMMARY, ETC.
Summary, etc. 13 October 1998. LPA`s local plan evidence contradicted by LPA at subsequent planning appeal. Inspector has duty to say why he prefers evidence to former. Taken from report header. NOT TO BE PHOTOCOPIED.
650 ## - SUBJECT ADDED ENTRY--TOPICAL TERM
Topical term or geographic name entry element MICHAEL SHANLEY GROUP V SOS ENVIRONMENT & RB OF WINDSOR & MAIDENHEAD
690 ## - LOCAL SUBJECT ADDED ENTRY--TOPICAL TERM (OCLC, RLIN)
Topical term or geographic name as entry element PLANNING LAW AND PRACTICE-CASE LAW
942 ## - ADDED ENTRY ELEMENTS (KOHA)
Suppress in OPAC 0
948 ## - LOCAL PROCESSING INFORMATION (OCLC); SERIES PART DESIGNATOR (RLIN)
c (OCLC) 20/10/1998
Holdings
Withdrawn status Lost status Source of classification or shelving scheme Damaged status Not for loan Home library Current library Shelving location Date acquired Total Checkouts Full call number Barcode Date last seen Copy number Price effective from Koha item type
    Dewey Decimal Classification     London London Journal article 14/09/1999   X94506 89125-1001 06/08/2019 1 06/08/2019 Law report